000 00718nam a22002057a 4500
999 _c17922
_d17922
003 OSt
005 20231027131801.0
008 230203b ||||| |||| 00| 0 eng d
040 _c0
082 _aDPer 510.5 Am351 February - April 2021 v143 no. 1-2
100 _aNakagawa, Jin.
_eauthor.
_947693
245 _aA conjecture on the zeta functions of pairs of ternary quadratic forms /
_cJin Nakagawa
260 _aBaltimore, MaryLand U.S.,
_bJohns Hopkins University Press,
_cApril 2021.
300 _avolume 143, pages 335-410.
650 _aMathematics.
_947694
650 _aFunctions.
_947695
650 _aBinary system (Mathematics).
_947696
700 _aNakagawa, Jin.
_eauthor.
_947693
942 _2ddc
_cPER